LEADER 01335nam0 2200409 450 001 990000328730203316 005 1998111008470724 010 $a88-324-9270-9 020 $aIT 035 $a0032873 035 $aUSA010032873 035 $a(ALEPH)000032873USA01 035 $a0032873 100 $a19990303d1998 |||y0itay01 ba 101 $aita 102 $aIT 105 $a00||| 200 1 $aCome si amministra un condominio$elegislazione e giurisprudenza, casistica pratica, modelli contrattuali e formule operative$fFrancesco Tamborrino 205 $a24. ed. ampliata e aggiornata con le nuove norme fiscali e regolamentari a carico dei condomini 210 $aMilano$cIl sole-24 ore Pirola$d1998 215 $a783 p.$d24 cm 225 2 $aManuali di consulenza immobiliare$v1 410 0$12001$aManuali di consulenza immobiliare 606 $aCondominio$xAmministrazione 676 $a346.450433 700 1$aTAMBORRINO,$bFrancesco$09567 801 0$aIT$bBNI$c19990303$gRICA 802 $ad 912 $a990000328730203316 951 $aIG I 1660$b27973 G$cIG I$d00069418 959 $aBK 969 $aGIU 979 $aTAMI$b40$c20010124$lUSA01$h1557 979 $c20020403$lUSA01$h1640 979 $aPATRY$b90$c20040406$lUSA01$h1623 996 $aCome si amministra un condominio$9581359 997 $aUNISA LEADER 03341nam 2200613 450 001 9910825242303321 005 20200520144314.0 010 $a3-11-040083-9 010 $a3-11-040087-1 024 7 $a10.1515/9783110400830 035 $a(CKB)3710000000543561 035 $a(EBL)4230419 035 $a(DE-B1597)443571 035 $a(OCoLC)951147612 035 $a(DE-B1597)9783110400830 035 $a(Au-PeEL)EBL4230419 035 $a(CaPaEBR)ebr11137160 035 $a(CaONFJC)MIL881770 035 $a(OCoLC)935254336 035 $a(MiAaPQ)EBC4230419 035 $a(EXLCZ)993710000000543561 100 $a20160128h20152015 uy 0 101 0 $ager 135 $aur|n|---||||| 181 $2rdacontent 182 $2rdamedia 183 $2rdacarrier 200 00$aInternationale bibliographie zur germanistischen lexikographie und wo?rterbuchforschung$hBand 5$iSachregister $eMit Beru?cksichtigung anglistischer, nordistischer, romanistischer, slavistischer und weiterer metalexikographischer Forschungen /$fHerbert Ernst Wiegand (Hrsg.) ; bearbeitet von Werner Wolski 210 1$aBerlin, Germany ;$aBoston, [Massachusetts] :$cDe Gruyter,$d2015. 210 4$d©2015 215 $a1 online resource (692 p.) 225 0 $aInternationale Bibliographie zur germanistischen Lexikographie und Wörterbuchforschung ;$vBand 5 300 $aDescription based upon print version of record. 311 $a3-11-034095-X 327 $tFrontmatter -- $tVorwort -- $tInhaltsverzeichnis -- $tInhalt des ersten Teilbandes. Inhalt des zweiten Teilbandes -- $tInhalt des dritten Teilbandes. Inhalt des vierten Bandes -- $tVorbemerkung des Bearbeiters -- $tEinleitung des Bearbeiters -- $tRegisterstrecke A -- $tRegisterstrecke B -- $tRegisterstrecke C -- $tRegisterstrecke D -- $tRegisterstrecke E -- $tRegisterstrecke F -- $tRegisterstrecke G -- $tRegisterstrecke H -- $tRegisterstrecke I -- $tRegisterstrecke J -- $tRegisterstrecke K -- $tRegisterstrecke L -- $tRegisterstrecke M -- $tRegisterstrecke N -- $tRegisterstrecke O -- $tRegisterstrecke P -- $tRegisterstrecke Q -- $tRegisterstrecke R -- $tRegisterstrecke S -- $tRegisterstrecke T -- $tRegisterstrecke U -- $tRegisterstrecke V -- $tRegisterstrecke W -- $tRegisterstrecke X -- $tRegisterstrecke Y -- $tRegisterstrecke Z 330 $aDieser Band enthält das umfassende Register zur Internationalen Bibliographie zur germanistischen Lexikographie und Wörterbuchforschung. 330 $aThis volumes provides extensive indices accompanying the International Bibliography of German Lexicography and Dictionary Research. 606 $aGerman language$vDictionaries$vBibliography 606 $aGerman language$xLexicography$vBibliography 606 $aLexicography$xResearch$vBibliography 615 0$aGerman language 615 0$aGerman language$xLexicography 615 0$aLexicography$xResearch 676 $a016.43309032 700 $aWiegand$b Herbert Ernst, $4aut$4http://id.loc.gov/vocabulary/relators/aut$0165134 702 $aWiegand$b Herbert Ernst 702 $aWolski$b Werner 801 0$bMiAaPQ 801 1$bMiAaPQ 801 2$bMiAaPQ 906 $aBOOK 912 $a9910825242303321 996 $aInternationale bibliographie zur germanistischen lexikographie und wo?rterbuchforschung$93952309 997 $aUNINA